Autour du canoë-kayak aux JO - Statistiques

Statistiques générales
  • Ce quiz a été pris 22 fois
    16 depuis la dernière actualisation
  • Le résultat moyen est 16 sur 79
Statistiques - réponses
Hint Réponse % Correct
Généralités Le canoë-kayak fait sa 1ère apparition aux JO en 1936
92%
Les embarcations C2 Canoë biplace
75%
Les médaillés français Slalom C1 en 2000 2004 2012 Tony {Estanguet}
75%
Généralités Il a été sport de démonstration en 1924
67%
Les embarcations C1 signifie Canoë monoplace
67%
Les embarcations K2 Kayak biplace
67%
Les embarcations K1 Kayak monoplace
67%
Les médaillées françaises Slalom KX1 en 2024 Angèle {Hug}
50%
Généralités Que signifie KX ? Kayak extrême
50%
Pays ayant obtenu au moins 25 médailles d'or Allemagne | URSS | Hongrie
42%
Pays ayant obtenu au moins 25 médailles (toutes couleurs) France | Roumanie | Suède | Australie | Canada
42%
De quel pays sont ces sportifs multimédaillés ? Antonio Rossi (5) Italie
42%
Les médaillés français Slalom C1 en 2024 Nicolas {Gestin}
42%
Pays ayant obtenu au moins 15 médailles (toutes couleurs) Pologne | Espagne | Slovaquie | Bulgarie | Royaume-Uni | Tchéquie | Etats-Unis | Italie | Danemark | Nouvelle-Zélande
42%
Les médaillés français Slalom K1 en 2024 Titouan {Castryck}
42%
Généralités Le slalom féminin est introduit en 2020
33%
Les médaillées françaises Slalom K1 en 2012 Emilie {Fer}
33%
Pays ayant obtenu au moins 10 médailles de bronze France | Roumanie | Australie | Pologne | Canada
33%
Pays ayant obtenu au moins 25 médailles d'argent Hongrie | Allemagne
33%
Pays ayant obtenu au moins 50 médailles (toutes couleurs) Hongrie | Allemagne | URSS
33%
Les médaillés français K1 200 mètres en 2016 Maxime {Beaumont}
33%
De quel pays sont ces sportifs multimédaillés ? Lisa Carrington (6) Nouvelle-Zélande
33%
Les médaillés français Slalom C1 en 1996 Patrice {Estanguet}
33%
Pays ayant obtenu au moins 10 médailles d'argent URSS | Suède | Canada | Roumanie | Espagne | France
33%
De quel pays sont ces sportifs multimédaillés ? Birgit Fischer (12) Allemagne
25%
Les médaillés français Slalom C1 en 2016 Denis {Gargaud-Chanut}
25%
Les médaillés français Slalom C2 en 2016 Gauthier {Klauss}
25%
Pays ayant obtenu au moins 25 médailles de bronze Hongrie | Allemagne
25%
Les embarcations K4 Kayak quatre places
25%
Les médaillés français Slalom C2 en 2016 Matthieu {Péché}
25%
Pays ayant obtenu au moins 10 médailles d'or Suède | Roumanie | Nouvelle-Zélande
25%
De quel pays sont ces sportifs multimédaillés ? Rudiger Helm (6) Allemagne
17%
Les médaillées françaises Slalom K1 en 2000 Anne-Lise {Bardet}
17%
Les médaillés français Slalom K1 en 2004 Benoît {Peschier}
17%
Les médaillés français K4 1000 mètres en 1984 François {Barouh}
17%
Les médaillées françaises Slalom K1 en 1996 Myriam {Fox-Jérusalmi}
17%
De quel pays sont ces sportifs multimédaillés ? Ian Ferguson (5) Nouvelle-Zélande
17%
De quel pays sont ces sportifs multimédaillés ? Gert Friedriksson (8) Suède
17%
Les médaillées françaises Slalom K1 en 2000 Brigitte {Guidal}
8%
Les médaillés français Slalom K1 en 2004 2008 Fabien {Lefèvre}
8%
Les médaillés français Slalom C2 en 1992 Frank {Adisson}
8%
Les médaillés français Slalom C2 en 1996 Frank {Adisson}
8%
De quel pays sont ces sportifs multimédaillés ? Katalin Kovacs (8) Hongrie
8%
De quel pays sont ces sportifs multimédaillés ? Danuta Kozak (7) Hongrie
8%
Les médaillés français Slalom C1 en 1992 Jacky {Avril}
8%
De quel pays sont ces sportifs multimédaillés ? Knut Holmann (6) Norvège
8%
Les médaillés français 1000 mètres en 1984 Patrick {Lefoulon}
8%
De quel pays sont ces sportifs multimédaillés ? Ivan Patzaichin (7) Roumanie
8%
De quel pays sont ces sportifs multimédaillés ? Agneta Andersson (7) Suède
8%
Les médaillés français Slalom C2 en 1992 1996 Wilfrid {Forgues}
8%
Les médaillées françaises K2 500 mètres en 2008 Anne-Laure {Viard}
0%
Les médaillés français 1000 mètres en 1984 Bernard {Brégeon}
0%
Les médaillés français K1 500 mètres* en 1984 Bernard {Brégeon}
0%
Les médaillés français C2 1000 Mètres en 1984 Didier {Hoyer}
0%
Les médaillés français C2 1000 Mètres en 1992 Didier {Hoyer}
0%
Les médaillés français K4 1000 mètres en 1984 Didier {Vavasseur}
0%
Les médaillés français C2 1000 Mètres en 1984 Eric {Renaud}
0%
Les médaillés français C2 1000 Mètres en 1948 Georges {Dransart}
0%
Les médaillés français C2 10000 mètres* en 1948 Georges {Dransart}
0%
Les médaillés français C2 10000 mètres* en 1956 Georges {Dransart}
0%
Les médaillés français C2 1000 Mètres en 1948 Georges {Gandil}
0%
Les médaillés français C2 10000 mètres* en 1948 Georges {Gandil}
0%
Les médaillés français C2 10000 mètres* en 1952 Georges {Turlier}
0%
Les médaillés français K1 1000 mètres en 1948 Henri {Eberhardt}
0%
Les médaillés français C2 1000 Mètres en 1964 Jean {Boudehen}
0%
Les médaillés français Slalom C2 en 1972 Jean-Claude [Olry}
0%
Les médaillés français C2 10000 mètres* en 1952 Jean {Laudet}
0%
Les médaillés français Slalom C2 en 1972 Jean-Louis [Olry}
0%
Les médaillés français C2 500 mètres* en 1988 Joël {Bettin}
0%
Les médaillés français K1 1000 mètres en 1952 Louis {Gantois}
0%
Les médaillés français C2 10000 mètres* en 1956 Marcel {Renaud}
0%
Les médaillées françaises K2 500 mètres en 2008 Marie {Delattre}
0%
Les médaillés français C2 1000 Mètres en 1964 Michel {Chapuis}
0%
Les médaillés français C2 1000 Mètres en 1992 Olivier {Boivin}
0%
Les médaillés français K4 1000 mètres en 1984 Pascal {Boucherit}
0%
Les médaillés français K4 1000 mètres en 1984 Philippe {Boccara}
0%
Les médaillés français C2 500 mètres* en 1988 Philippe {Renaud}
0%
Les médaillés français C1 1000 Mètres en 1948 Robert {Boutigny}
0%
Les médaillés français Slalom K1 en 1992 Sylvain {Curinier}
0%
Aucun quiz correspondant
Distribution des résultats
% des personnes avec chaque résultat
Percentile par nombre de réponses
Votre historique - résultats
Vous n’avez pas pris ce quiz depuis la dernière actualisation